| 000 | 00589nam a2200181 i 4500 | ||
|---|---|---|---|
| 001 | 20577 | ||
| 003 | ES-MaACL | ||
| 005 | 20230906152328.0 | ||
| 007 | t| | ||
| 008 | 021114s1925 uy ||||1| spa d | ||
| 100 | 1 |
_aAcevedo Díaz, Eduardo, _d1882-1959 _918248 |
|
| 245 | 1 | 0 |
_aMemoria de instrucción primaria correspondiente al año 1924 / _cpresentada por Eduardo Acevedo Díaz. |
| 260 |
_aMontevideo : _b[s.n., _c1925] ( _fImprenta Nacional) |
||
| 300 |
_a612 p. ; _c27 cm. |
||
| 650 | 4 |
_aEnseñanza primaria- _zUruguay. _9160301 |
|
| 852 |
_aES-MaACL _jG-13993 |
||
| 999 |
_c20577 _d20577 |
||